Countries within 500km of Sudan - Statistics

General Stats
  • This quiz has been taken 24 times
  • The average score is 9 of 10
Answers on the Map
Answers color-coded by a green-red scale on the quiz's map according to % correct below.
 
Answer Stats
Answer % Correct
Central African Republic
100%
Egypt
100%
Libya
100%
South Sudan
100%
Chad
96%
Democratic Republic of the Congo
96%
Ethiopia
96%
Eritrea
91%
Yemen
87%
Saudi Arabia
83%
No matching quizzes found
Score Distribution
Percent of People with Each Score
Percentile by Number Answered
Your Score History
You have not taken this quiz